Διεθνές και Εξαγωγικό Marketing στα Πλαίσια της Παγκοσμιοποίησης (Record no. 2930)
[ view plain ]
| 000 -LEADER | |
|---|---|
| fixed length control field | 03016cam a22002054a 4500 |
| 005 - ΗΜΕΡΟΜΗΝΙΑ ΚΑΙ ΩΡΑ ΤΕΛΕΥΤΑΙΑΣ ΕΝΗΜΕΡΩΣΗΣ | |
| Πεδίο ελέγχου | 20250605164058.0 |
| 008 - FIXED-LENGTH DATA ELEMENTS--GENERAL INFORMATION | |
| Πεδίο ελέγχου σταθερού μήκους | 250528s ||||||||||||||||||||||||d |
| 035 ## - SYSTEM CONTROL NUMBER | |
| System control number | 17522 |
| 020 ## - ISBN | |
| ISBN | 9600215812 |
| 040 ## - ΠΗΓΗ ΚΑΤΑΛΟΓΟΓΡΑΦΗΣΗΣ | |
| Φορέας πρωτότυπης καταλογογράφησης | MC Athens Campus Library |
| Γλώσσα καταλογογράφησης | Ελληνικά, Μοντέρνα (1453-) |
| Modifying agency | MC Athens Campus Library |
| Κανόνες περιγραφικής καταλογογράφησης | AACR2 |
| 245 1# - ΤΙΤΛΟΣ ΚΑΙ ΔΗΛΩΣΗ ΥΠΕΥΘΥΝΟΤΗΤΑΣ | |
| Τίτλος | Διεθνές και Εξαγωγικό Marketing στα Πλαίσια της Παγκοσμιοποίησης |
| 260 ## - PUBLICATION, DISTRIBUTION, ETC. | |
| Name of publisher, distributor, etc. | Παπαζήση, |
| Date of publication, distribution, etc. | 2002 |
| 300 ## - PHYSICAL DESCRIPTION | |
| Extent | 560 |
| 505 0# - FORMATTED CONTENTS NOTE | |
| Formatted contents note | Εισαγώγη στα Θέματα του Διεθνούς Εμπορίου - Διεθνούς Marketing και Παγκοσμοιοποίησης, Έρευνα Αγορών στο Δ.Μ. Διεθνοποίηση Αγορών - Συστήματα Πληροφοριών στο Διεθνή Χώρο και Διεθνείς Οργανισμοί, Προγραμματισμός και Στρατηγικές και Αποφάσεις και Τμηματοποίηση Αγορών και Ανάπτυξη Στρατηγικής Προιόντων στο Δ.Μ., Το Πρόβλημα της Διεθνούς Τιμολογιακής Πολιτικής και Καθορισμός Κόστους και Τιμής, Το Μείγμα Προώθησης (Promotion-Mix) και ο Ρόλος των Επικοινωνιών και Τακτικές Προώθησης στο Δ.Μ. και Διεθνής Διαφήμιση και Δημόσιες Σχέσεις και Sponsoring (Χορηγία), Εμπορικές Εκθέσεις και η Χρησιμότητα τους στις Διεθνείς Αγορές στα Πλαίσια της Προβολής/ Προώθησης Προιόντων/ Υπηρεσιών. |
| 520 ## - SUMMARY, ETC. | |
| Summary, etc. | Εισαγώγη στα Θέματα του Διεθνούς Εμπορίου - Διεθνούς Marketing και Παγκοσμοιοποίησης, Έρευνα Αγορών στο Δ.Μ. Διεθνοποίηση Αγορών - Συστήματα Πληροφοριών στο Διεθνή Χώρο και Διεθνείς Οργανισμοί, Προγραμματισμός και Στρατηγικές και Αποφάσεις και Τμηματοποίηση Αγορών και Ανάπτυξη Στρατηγικής Προιόντων στο Δ.Μ., Το Πρόβλημα της Διεθνούς Τιμολογιακής Πολιτικής και Καθορισμός Κόστους και Τιμής, Το Μείγμα Προώθησης (Promotion-Mix) και ο Ρόλος των Επικοινωνιών και Τακτικές Προώθησης στο Δ.Μ. και Διεθνής Διαφήμιση και Δημόσιες Σχέσεις και Sponsoring (Χορηγία), Εμπορικές Εκθέσεις και η Χρησιμότητα τους στις Διεθνείς Αγορές στα Πλαίσια της Προβολής/ Προώθησης Προιόντων/ Υπηρεσιών. |
| 700 1# - ΠΡΟΣΘΕΤΗ ΑΝΑΓΡΑΦΗ--ΦΥΣΙΚΟ ΠΡΟΣΩΠΟ | |
| Personal name | Πατρινός Δημήτρης Θεοδ |
| 9 (RLIN) | 1760 |
| 942 ## - ADDED ENTRY ELEMENTS (KOHA) | |
| Koha item type | Books |
| Τύπος τεκμηρίου | Βιβλιοθήκη | Τρέχουσα τοποθεσία | Barcode | Αριθμός εισαγωγής | Ημερομηνία απόκτησης | Ταξιθετικό σύμβολο | Αριθμός αντιτύπου | Κατάσταση απόσυρσης | Κατάσταση χαμένου | Κατάσταση κατεστραμμένου | Μη δανεισμός | Σύνολο δανεισμών | Ημερομηνία τελευταίας εμφάνισης | Η τιμή ισχύει από |
|---|---|---|---|---|---|---|---|---|---|---|---|---|---|---|
| Books | MC Athens Campus Library | MC Athens Campus Library | 9780000029294 | 5809 | 05/06/2025 | 658.848 PAT | 1 | 05/06/2025 | 05/06/2025 |